|
|
|
|
| LEADER |
01285nam a2200385 a 4500 |
| 001 |
000597794 |
| 003 |
CZ BrMZK |
| 005 |
20100217112308.0 |
| 007 |
ta |
| 008 |
020502s2002 xr af e f 000 0 cze d |
| 015 |
|
|
|a cnb001120778
|
| 020 |
|
|
|a 80-86331-54-7
|
| 035 |
|
|
|a (OCoLC)51187026
|
| 040 |
|
|
|a BOA001
|b cze
|
| 041 |
1 |
|
|a cze
|h ger
|
| 072 |
|
7 |
|a 74
|x Kresba. Umělecká řemesla
|2 Konspekt
|9 21
|
| 080 |
|
|
|a 745.54
|2 MRF
|
| 080 |
|
|
|a (035)
|2 MRF
|
| 100 |
1 |
|
|a Wurst, Ingrid
|7 mzk2003183047
|4 aut
|
| 245 |
1 |
0 |
|a Skládej s námi! :
|b [jednoduché motivy nejen pro děti /
|c Ingrid und Sabrina Wurst ; překlad Petra Langrová]
|
| 250 |
|
|
|a České vyd.
|
| 260 |
|
|
|a Ostrava :
|b Anagram,
|c 2002
|
| 300 |
|
|
|a 32 s. :
|b barev. il. ;
|c 21 cm +
|e 1 složená obr. předloha
|
| 490 |
1 |
|
|a Topp ;
|v 2453
|
| 500 |
|
|
|a Podnázev z obálky
|
| 500 |
|
|
|a Přeloženo z němčiny
|
| 650 |
0 |
7 |
|a skládanky z papíru
|7 ph116155
|2 czenas
|
| 655 |
|
7 |
|a příručky
|7 fd133209
|2 czenas
|
| 700 |
1 |
|
|a Wurst, Sabrina
|7 xx0001776
|4 aut
|
| 700 |
1 |
|
|a Langrová, Petra
|7 mzk2003181776
|4 trl
|
| 765 |
0 |
|
|t Knick mit!
|9 Česky
|
| 830 |
|
0 |
|a Topp
|0 s
|
| 910 |
|
|
|a BOA001
|b 2-1102.764
|
| 990 |
|
|
|a BK
|
| 996 |
6 |
|
|b 2610160470
|c 2-1102.764
|l MZK
|r Sklad / do 1 hodiny
|n 3
|p p.v.
|w 000597794
|u 000010
|a 1
|e BOA001
|j MZK50
|s P
|